|
|
|
|
| LEADER |
00000nam0a2200000 4500 |
| 001 |
367468 |
| 005 |
20231102012002.0 |
| 035 |
|
|
|a (RuTPU)RU\TPU\retro\24831
|
| 090 |
|
|
|a 367468
|
| 100 |
|
|
|a 20220315d1979 km y0rusy50 ca
|
| 101 |
0 |
|
|a rus
|
| 102 |
|
|
|a BY
|
| 105 |
|
|
|a a z 001zy
|
| 200 |
1 |
|
|a Движение и двойственность в релятивистской электродинамике
|f А. Е. Левашев
|
| 210 |
|
|
|a Минск
|c Изд-во БГУ
|d 1979
|
| 215 |
|
|
|a 320 с.
|c ил.
|
| 320 |
|
|
|a Библиогр.: с. 312-316
|
| 320 |
|
|
|a Предметный указатель: с. 317-318
|
| 606 |
1 |
|
|a Электродинамика
|2 stltpush
|3 (RuTPU)RU\TPU\subj\19944
|9 45105
|
| 606 |
1 |
|
|a Электродинамика квантовая
|2 stltpush
|3 (RuTPU)RU\TPU\subj\19949
|9 45109
|
| 610 |
1 |
|
|a релятивистская электродинамика
|
| 610 |
1 |
|
|a двойственность
|
| 610 |
1 |
|
|a движение
|
| 610 |
1 |
|
|a симметрия
|
| 610 |
1 |
|
|a относительность
|
| 610 |
1 |
|
|a расслоенное пространствол
|
| 610 |
1 |
|
|a пространство-время
|
| 610 |
1 |
|
|a аффинная связность
|
| 675 |
|
|
|a 537.8
|v 4
|
| 675 |
|
|
|a 530.145
|v 4
|
| 700 |
|
1 |
|a Левашев
|b А. Е.
|g Анатолий Евгеньевич
|
| 801 |
|
1 |
|a RU
|b 63413507
|c 20220315
|
| 942 |
|
|
|c BK
|